000 01025nam a2200301 a 4500
001 BRCA_5971
005 20190320205300.0
008 250311s1962----enka######---#000-0#eng-#
041 _aeng
_hspa
044 _aenk
050 4 _aN7830
_b.C57 1962
100 1 _aCirlot, Juan Eduardo
_915075
245 1 0 _aA dictionary of symbols
_cby J. E. Cirlot ; translateD from the Spanish by Jack Sage ; foreword by Herbert Read.
260 _aLondres
_bR. & K. Paul
_c1962
300 _a400 p.
_bil., 32 láminas
_c22 cm.
500 _aIncluye índice alfabético
500 _aTraducción de: Diccionarios de simbolos tradicionales
500 _aDiccionario inventariado por Banco de México como libro
500 _aG94
504 _aBibliografía: p. 367-377
650 1 4 _aArte y simbolismo cristianos
_vdiccionario
_915076
650 1 4 _aSimbolismo
_915011
650 1 4 _aEnciclopedias y diccionarios
_99441
700 1 _aSage, Jack
_eTraductor
_915077
700 1 _aRead, Herbert
_915078
902 _aGFM
942 _2lcc
_cB
999 _c5660
_d5660